[Event "2020 Australian Chess Championship"]
[Site "Sydney, Australia"]
[Date "2020.01.05"]
[Round "4.8"]
[White "McGowan, Cameron"]
[Black "Solomon, Stephen J"]
[Result "0-1"]
[WhiteElo "2221"]
[BlackElo "2319"]

1. e4 {[%clk 01:30:54]} {[%emt 00:00:05]} c5 {[%clk 01:30:38]} {[%emt
00:00:23]} 2. Nf3 {[%clk 01:31:16]} {[%emt 00:00:07]} d6 {[%clk 01:31:00]}
{[%emt 00:00:09]} 3. Bb5+ {[%clk 01:31:36]} {[%emt 00:00:10]} Bd7 {[%clk
01:30:23]} {[%emt 00:01:05]} 4. Bxd7+ {[%clk 01:31:24]} {[%emt 00:00:45]} Qxd7
{[%clk 01:30:41]} {[%emt 00:00:13]} 5. c4 {[%clk 01:31:42]} {[%emt 00:00:10]}
Nf6 {[%clk 01:27:34]} {[%emt 00:03:39]} 6. Nc3 {[%clk 01:31:36]} {[%emt
00:00:35]} Nc6 {[%clk 01:27:35]} {[%emt 00:00:28]} 7. O-O {[%clk 01:31:25]}
{[%emt 00:00:41]} g6 {[%clk 01:27:08]} {[%emt 00:00:55]} 8. d4 {[%clk
01:31:30]} {[%emt 00:00:26]} cxd4 {[%clk 01:27:32]} {[%emt 00:00:07]} 9. Nxd4
{[%clk 01:31:56]} {[%emt 00:00:04]} Bg7 {[%clk 01:27:36]} {[%emt 00:00:27]} 10.
Nc2 {[%clk 01:20:17]} {[%emt 00:12:08]} O-O {[%clk 01:24:57]} {[%emt 00:03:09]}
11. Qe2 {[%clk 01:16:43]} {[%emt 00:04:02]} Rac8 {[%clk 01:18:37]} {[%emt
00:06:51]} 12. b3 {[%clk 01:11:30]} {[%emt 00:05:44]} Qd8 {[%clk 01:17:20]}
{[%emt 00:01:46]} 13. Bb2 {[%clk 01:10:14]} {[%emt 00:01:47]} Nd7 {[%clk
01:17:31]} {[%emt 00:00:19]} 14. Ne3 {[%clk 01:07:36]} {[%emt 00:03:09]} Nc5
{[%clk 01:14:24]} {[%emt 00:03:37]} 15. f3 {[%clk 01:04:36]} {[%emt 00:03:30]}
Nd4 {[%clk 00:58:10]} {[%emt 00:16:45]} 16. Qd2 {[%clk 00:51:57]} {[%emt
00:13:10]} Ncxb3 {[%clk 00:49:07]} {[%emt 00:09:33]} 17. axb3 {[%clk 00:51:44]}
{[%emt 00:00:43]} Nxb3 {[%clk 00:49:21]} {[%emt 00:00:16]} 18. Qe2 {[%clk
00:51:54]} {[%emt 00:00:19]} Nxa1 {[%clk 00:49:08]} {[%emt 00:00:44]} 19. Rxa1
{[%clk 00:52:12]} {[%emt 00:00:11]} a6 {[%clk 00:39:17]} {[%emt 00:10:22]} 20.
Ncd5 {[%clk 00:46:15]} {[%emt 00:06:27]} e6 {[%clk 00:38:22]} {[%emt 00:01:25]}
21. Bxg7 {[%clk 00:45:51]} {[%emt 00:00:53]} Kxg7 {[%clk 00:38:32]} {[%emt
00:00:21]} 22. Qb2+ {[%clk 00:45:54]} {[%emt 00:00:27]} f6 {[%clk 00:38:43]}
{[%emt 00:00:19]} 23. Nf4 {[%clk 00:43:52]} {[%emt 00:02:32]} Qd7 {[%clk
00:34:25]} {[%emt 00:04:48]} 24. Rb1 {[%clk 00:36:47]} {[%emt 00:07:35]} Rf7
{[%clk 00:33:30]} {[%emt 00:01:26]} 25. Qb4 {[%clk 00:33:18]} {[%emt 00:03:59]}
Rc6 {[%clk 00:28:26]} {[%emt 00:05:34]} 26. Ne2 {[%clk 00:31:53]} {[%emt
00:01:54]} e5 {[%clk 00:25:32]} {[%emt 00:03:24]} 27. g4 {[%clk 00:30:56]}
{[%emt 00:01:27]} Rc5 {[%clk 00:20:27]} {[%emt 00:05:36]} 28. Nc1 {[%clk
00:28:41]} {[%emt 00:02:44]} a5 {[%clk 00:17:03]} {[%emt 00:03:54]} 29. Qb2
{[%clk 00:20:04]} {[%emt 00:09:07]} Qc7 {[%clk 00:12:19]} {[%emt 00:05:15]} 30.
Nd3 {[%clk 00:20:23]} {[%emt 00:00:10]} Rxc4 {[%clk 00:11:28]} {[%emt
00:01:21]} 31. Nxc4 {[%clk 00:19:17]} {[%emt 00:01:36]} Qxc4 {[%clk 00:11:49]}
{[%emt 00:00:09]} 32. Nf2 {[%clk 00:17:22]} {[%emt 00:02:24]} Rc7 {[%clk
00:09:31]} {[%emt 00:02:49]} 33. Kg2 {[%clk 00:14:03]} {[%emt 00:03:49]} a4
{[%clk 00:08:39]} {[%emt 00:01:23]} 34. Qb4 {[%clk 00:14:32]} Qxb4 {[%emt
00:04:21]} 35. Rxb4 {[%clk 00:15:01]} a3 {[%clk 00:05:02]} {[%emt 00:00:17]} 36.
Ra4 {[%clk 00:15:28]} {[%emt 00:00:03]} Rc3 {[%clk 00:05:10]} {[%emt 00:00:22]}
37. Ra7 {[%clk 00:15:08]} {[%emt 00:00:50]} Rb3 {[%clk 00:04:24]} {[%emt
00:01:15]} 38. Kf1 {[%clk 00:12:07]} {[%emt 00:03:31]} h5 {[%clk 00:02:38]}
{[%emt 00:02:17]} 39. Ke2 {[%clk 00:05:31]} {[%emt 00:07:05]} Kh6 {[%clk
00:02:35]} {[%emt 00:00:33]} 40. gxh5 {[%clk 00:04:11]} {[%emt 00:01:50]} Kxh5
{[%clk 00:00:58]} {[%emt 00:02:08]} 41. Nd3 {[%clk 00:02:40]} {[%emt 00:02:00]}
Kh4 {[%clk 00:26:51]} {[%emt 00:04:38]} 42. Kd2 {[%clk 00:32:30]} {[%emt
00:00:40]} Kh3 {[%clk 00:26:55]} {[%emt 00:00:26]} 43. Kc2 {[%clk 00:32:39]}
{[%emt 00:00:21]} Rb6 {[%clk 00:25:16]} {[%emt 00:02:09]} 44. Rxa3 {[%clk
00:32:59]} {[%emt 00:00:10]} Kxh2 {[%clk 00:25:39]} {[%emt 00:00:07]} 45. Kd2
{[%clk 00:32:18]} {[%emt 00:01:10]} f5 {[%clk 00:24:03]} {[%emt 00:02:07]} 46.
Ra8 {[%clk 00:22:32]} {[%emt 00:10:16]} Kg3 {[%clk 00:21:28]} {[%emt 00:03:05]}
47. Ke3 {[%clk 00:18:19]} {[%emt 00:04:44]} Ra6 {[%clk 00:20:05]} {[%emt
00:01:53]} 48. Rxa6 {[%clk 00:09:57]} {[%emt 00:08:51]} f4+ {[%clk 00:18:46]}
{[%emt 00:01:49]} 49. Ke2 {[%clk 00:09:26]} {[%emt 00:01:02]} bxa6 {[%clk
00:19:10]} {[%emt 00:00:06]} 50. Nb2 {[%clk 00:06:59]} {[%emt 00:02:56]} a5
{[%clk 00:19:09]} {[%emt 00:00:31]} 51. Nc4 {[%clk 00:04:54]} {[%emt 00:02:35]}
a4 {[%clk 00:19:28]} {[%emt 00:00:11]} 52. Na3 {[%clk 00:05:23]} g5 {[%clk
00:19:13]} {[%emt 00:00:46]} 53. Nc4 {[%clk 00:02:44]} {[%emt 00:03:09]} Kg2
{[%clk 00:16:57]} {[%emt 00:02:45]} 54. Na3 {[%clk 00:02:15]} {[%emt 00:01:00]}
g4 {[%clk 00:11:43]} {[%emt 00:05:44]} 55. fxg4 {[%clk 00:02:20]} {[%emt
00:00:24]} f3+ {[%clk 00:12:06]} {[%emt 00:00:08]} 56. Kd2 {[%clk 00:02:33]}
{[%emt 00:00:17]} f2 {[%clk 00:12:29]} {[%emt 00:00:06]} 57. Nc4 {[%clk
00:02:13]} {[%emt 00:00:50]} Kf3 {[%clk 00:12:45]} {[%emt 00:00:14]} 58. Kc3
{[%clk 00:01:25]} {[%emt 00:01:17]} Ke2 {[%clk 00:12:51]} {[%emt 00:00:24]} 59.
Nd2 {[%clk 00:01:16]} {[%emt 00:00:39]} a3 {[%clk 00:13:16]} {[%emt 00:00:06]}
0-1

[Event "2020 Australian Chess Championship"]
[Site "Sydney, Australia"]
[Date "2020.01.05"]
[Round "4.10"]
[White "Ng, Clive"]
[Black "Huynh, Arthur"]
[Result "1/2-1/2"]
[WhiteElo "2061"]
[BlackElo "2136"]

1. e4 e5 2. Nf3 Nc6 3. Bb5 Nf6 4. d3 Bc5 5. Bxc6 dxc6 6. Nbd2 Qe7 7. Nc4 Nd7 8.
Bd2 f6 9. Qe2 Nf8 10. O-O-O Be6 11. Kb1 O-O-O 12. Nh4 Qf7 13. b3 Ng6 14. Nxg6
hxg6 15. h3 g5 16. Be3 Qe7 17. Bxc5 Qxc5 18. Qe3 1/2-1/2